豊橋駅から出ている行き先 - Statistics

General Stats
  • This quiz has been taken 242 times
  • The average score is 29 of 39
Answer Stats
Answer % Correct
東京
99%
名古屋
99%
新大阪
99%
名古屋
99%
静岡
98%
静岡
98%
浜松
98%
三島
96%
三島
96%
大垣
93%
米原
93%
飯田
93%
沼津
92%
岐阜
92%
掛川
89%
名鉄岐阜
88%
岡崎
85%
名鉄名古屋
85%
関ヶ原
84%
豊川
83%
犬山
78%
新城
76%
新鵜沼
76%
名鉄一宮
74%
天竜峡
71%
岡谷
71%
興津
68%
中部天竜
67%
上諏訪
66%
本長篠
59%
三河田原
56%
水窪
48%
須ケ口
47%
運動公園前
45%
鳴海
40%
赤岩口
35%
長山
32%
高師
23%
競輪場前
20%
No matching quizzes found
Score Distribution
Percent of People with Each Score
Percentile by Number Answered
Your Score History
You have not taken this quiz